Polandball quiz - Statistics

General Stats
  • This quiz has been taken 753 times
    735 since last reset
  • The average score is 7 of 10
Answer Stats
Question Answer % Correct
Who can't into space? Poland
95%
Who says BÖRK? Sweden
93%
Who can't into nordic? Estonia
90%
Who is a cube? Israel
90%
Who is wearing sunglasses always all the time? USA
86%
What does Brazil say? Hue
79%
Who is a brick? Kazakhstan
76%
Who loves killing seals? Canada
47%
Who can't into being relevant? Sealand
39%
Who loves potatoes?(name all) Belarus,Latvia,Ireland
14%
No matching quizzes found
Score Distribution
Percent of People with Each Score
Percentile by Number Answered
Your Score History
You have not taken this quiz since the last reset